000 00826nam a2200217 i 4500
001 155755
003 ES-MaACL
005 20250716062632.0
008 941221s1866 sp a |||| | spa d
040 _aCARM
_bspa
100 1 _aHugo, Victor,
_d1802-1885
_964627
245 1 4 _aLos trabajadores del mar /
_cVictor Hugo ; versión española por D. Antonio Ribot.
260 _aMadrid :
_bImprenta de Gaspar y Roig, editores ;
_aParis :
_bLibrería de D.F. Brachet,
_c1866.
300 _a2 v. (380 p., [8] h. de lám.; 383 p., [8] h. de lám.) :
_bil. ;
_c22 cm.
596 _aPort. con marca tip.
599 _aLas hs. de lam. "Severini" "V.D. Beequer" "Rico" "La Porta"
700 1 _aRibot y Fontseré, Antonio.
_9131779
852 _aES-MaACL
_jG-5389-90
_z-- Enc. hol.
999 _c155755
_d155755